[Event "Creon op 16th"]
[Site "Creon"]
[Date "2011.08.05"]
[Round "7"]
[White "Favarel, Antoine"]
[Black "Delgrange, Jean Loup"]
[Result "1-0"]
[WhiteElo "2235"]
[BlackElo "1925"]
[PlyCount "49"]
[EventDate "2011.08.01"]
[EventType "swiss"]
[EventRounds "9"]
[EventCountry "FRA"]
[SourceTitle "CBM 143 Extra"]
[Source "ChessBase"]
[SourceDate "2011.08.29"]
[SourceVersion "1"]
[SourceVersionDate "2011.08.29"]
[SourceQuality "1"]

1. e4 d6 2. d4 Nf6 3. Nc3 g6 4. Nf3 Bg7 5. Be2 0-0 6. 0-0 a6 7. a4 Bg4 8. Be3 Nc6 9. d5 Nb8 10. a5 e5 11. h3 Bxf3 12. Bxf3 Nbd7 13. Na4 Ne8 14. c4 f5 15. Nc3 Nef6 16. b4 f4 17. Bc1 g5 18. Ba3 Qe8 19. c5 h5 20. c6 bxc6 21. dxc6 Nb8 22. Nd5 Nxc6 23. Nxf6+ Bxf6 24. Bxh5 Qb8 25. Qd5+ 1-0

[Event "Ambes op 3rd"]
[Site "Ambes"]
[Date "2010.04.24"]
[Round "1"]
[White "Galloux, Maxime"]
[Black "Delgrange, Jean Loup"]
[Result "1/2-1/2"]
[WhiteElo "2021"]
[BlackElo "1876"]
[PlyCount "63"]
[EventDate "2010.04.24"]
[EventType "swiss"]
[EventRounds "9"]
[EventCountry "FRA"]
[SourceTitle "EXT 2011"]
[Source "ChessBase"]
[SourceDate "2010.11.26"]
[SourceVersion "1"]
[SourceVersionDate "2010.11.26"]
[SourceQuality "1"]

1. e4 d6 2. d4 Nf6 3. Nc3 g6 4. Be3 c6 5. h3 Qa5 6. Qd2 b5 7. Bd3 b4 8. Nce2 Ba6 9. Nf3 Qb6 10. 0-0 Bg7 11. Ng3 0-0 12. Bxa6 Nxa6 13. Bh6 Nc7 14. Rfe1 Rfd8 15. Bxg7 Kxg7 16. Rad1 h6 17. Nh4 e6 18. Kh1 Qa5 19. Ra1 Qg5 20. Nf3 Qxd2 21. Nxd2 Nb5 22. Nf3 Nd7 23. Rad1 Nb6 24. Rd3 Rac8 25. Ne2 c5 26. c3 Na4 27. cxb4 cxb4 28. Rb3 Rc4 29. a3 Rdc8 30. Rxb4 Rxb4 31. axb4 Nxb2 32. Rc1 1/2-1/2

[Event "Ambes op 2nd"]
[Site "Ambes"]
[Date "2009.04.15"]
[Round "5"]
[White "Cazeaux, Didier"]
[Black "Delgrange, Jean Loup"]
[Result "0-1"]
[WhiteElo "1841"]
[BlackElo "1950"]
[PlyCount "74"]
[EventDate "2009.04.11"]
[EventType "swiss"]
[EventRounds "9"]
[EventCountry "FRA"]
[SourceTitle "EXT 2012"]
[Source "ChessBase"]
[SourceDate "2011.11.24"]
[SourceVersion "1"]
[SourceVersionDate "2011.11.24"]
[SourceQuality "1"]

1. e4 d6 2. Nc3 Nf6 3. f4 g6 4. Nf3 Bg7 5. Bc4 c6 6. d3 d5 7. exd5 cxd5 8. Bb5+ Bd7 9. Be3 Bxb5 10. Nxb5 Qa5+ 11. Nc3 Nc6 12. 0-0 Ng4 13. Bf2 Nxf2 14. Rxf2 0-0 15. d4 Rac8 16. Ne5 Qd8 17. Ne2 b5 18. c3 a6 19. a4 b4 20. Rc1 a5 21. Rc2 Qd6 22. Nc1 bxc3 23. bxc3 Nxe5 24. fxe5 Qa3 25. Qd2 Qxa4 26. Nd3 Qc6 27. Qg5 f6 28. exf6 exf6 29. Qc1 Rfe8 30. Nc5 Re7 31. Rce2 Rce8 32. Qe1 Kf7 33. Rxe7+ Rxe7 34. Re2 Rxe2 35. Qxe2 Bf8 36. Qa6 Qxa6 37. Nxa6 a4 0-1

[Event "Ambes op 2nd"]
[Site "Ambes"]
[Date "2009.04.12"]
[Round "2"]
[White "Curely, Etienne"]
[Black "Delgrange, Jean Loup"]
[Result "1/2-1/2"]
[WhiteElo "1757"]
[BlackElo "1950"]
[PlyCount "69"]
[EventDate "2009.04.11"]
[EventType "swiss"]
[EventRounds "9"]
[EventCountry "FRA"]
[SourceTitle "EXT 2012"]
[Source "ChessBase"]
[SourceDate "2011.11.24"]
[SourceVersion "1"]
[SourceVersionDate "2011.11.24"]
[SourceQuality "1"]

1. e4 d6 2. d4 Nf6 3. Nc3 g6 4. f4 Bg7 5. Nf3 0-0 6. Be2 c6 7. 0-0 Qc7 8. e5 Nd5 9. Nxd5 cxd5 10. c3 Nc6 11. Qb3 Be6 12. Ng5 Na5 13. Qd1 Bd7 14. Bg4 Bxg4 15. Qxg4 e6 16. Qh3 h6 17. Nf3 f5 18. exd6 Qxd6 19. Ne5 Kh7 20. Qg3 Rf6 21. Rf3 Nc6 22. Qh4 Ne7 23. Rh3 Rff8 24. Bd2 Qd8 25. Nf3 Kg8 26. Re1 Kf7 27. Ne5+ Bxe5 28. fxe5 Ng8 29. Bxh6 Nxh6 30. Qxh6 Rh8 31. Qe3 Qe7 32. Rf1 Rxh3 33. Qxh3 Kg7 34. Qe3 Rh8 35. Rf3 1/2-1/2

[Event "Torcy op-B"]
[Site "Torcy"]
[Date "1991.??.??"]
[Round "?"]
[White "Delgrange, Jean Loup"]
[Black "Lejeune, Gael"]
[Result "1/2-1/2"]
[WhiteElo "1890"]
[BlackElo "1650"]
[PlyCount "42"]
[EventDate "1991.04.??"]
[EventType "swiss"]
[EventRounds "9"]
[EventCountry "FRA"]
[SourceTitle "TD"]
[Source "ChessBase"]
[SourceDate "1994.03.01"]
[SourceVersion "1"]
[SourceVersionDate "1994.03.01"]
[SourceQuality "1"]

1. Nf3 c5 2. c4 g6 3. Nc3 Bg7 4. g3 Nc6 5. Bg2 Nf6 6. 0-0 0-0 7. d4 cxd4 8. Nxd4 Nxd4 9. Qxd4 d6 10. Qd3 a6 11. Bg5 h6 12. Bd2 Rb8 13. Rac1 b6 14. Nd5 Nd7 15. Qc2 e6 16. Nb4 Bb7 17. Bxb7 Rxb7 18. Nxa6 Qa8 19. Nb4 Rc7 20. Qd3 Ne5 21. Qxd6 Rd7 1/2-1/2